000 01023nas a2200313 4500
001 BR0604500
003 BR-BrBNA
005 20231205110421.0
007 ta
008 230509b bl.|||p| |||| 00| 00por d
040 _aBR-BrBNA
_bpor
_cBiblioteca Nacional de Agricultura
041 _a(Pt)
072 _aL10; L01
100 1 _aDionello, N.J.L.
100 1 _aSilva, C.A.S. da
100 1 _aCosta, C.N.
100 1 _aCobuci, J.A.
245 1 _aEstimação de parâmetros genéticos utilizando-se a produção de leite no dia do controle em primeiras lactações de vacas da raça Jersey
650 _aGADO JERSEY
650 _aGADO LEITEIRO
650 _aPARÂMETRO GENÉTICO
650 _aPRODUÇÃO LEITEIRA
650 _aCONTROLE LEITEIRO
650 _aLACTAÇÃO
650 _aREGRESSÃO LINEAR
773 0 _tRevista Brasileira de Zootecnia (Brazil)
_xISSN 1516-3598
_g(Jul-Aug 2006), v. 35(4)Suplemento p. 1646-1652
_wBR0604500
909 _a202311
_bLúcia
_c55
_dLúcia Elande
942 _2AGRIS
_n0
_cANA
999 _c187310
_d187310